000 00725nam a2200289Ia 4500
005 20260324121151.0
008 008 260324s9999 xx 000 0 eng d
020 _a9781315814216
037 _aEBOOK
040 _aCRL
040 _beng
040 _cCRL
041 _2eng
041 _aeng
084 _qCRL
100 _aKeith Wood; Saratha Sithamparam
_91161451
245 0 _aRealising Learning
245 0 _bTeachers’ professional development through lesson and learning study
260 _bTaylor and Francis
260 _c2014
365 _a
365 _b240
856 _uhttp://www.taylorfrancis.com/books/9781315814216
942 _cEBOOK
999 _c1753384
_d1753384